| 000 | 00975nas a2200325 4500 | ||
|---|---|---|---|
| 001 | BR8103667 | ||
| 003 | BR-BrBNA | ||
| 005 | 20231205084806.0 | ||
| 007 | ta | ||
| 008 | 230509b bl.|||p| |||| 00| 00por d | ||
| 040 |
_aBR-BrBNA _bpor _cBiblioteca Nacional de Agricultura |
||
| 041 | _a(Pt) | ||
| 072 | _aF27; F60; F22 | ||
| 100 | 1 | _aCruciani, D.E. | |
| 100 | 1 | _aMinami, K. | |
| 245 | 1 | _aEfeitos das inundacoes periodicas sobre a producao de cana-de-acucar [Saccharum spp; Agua do solo; Raiz; Controle fisico] | |
| 650 | _aCultivo do solo | ||
| 650 | _aFisiologia vegetal | ||
| 650 | _aFisica do solo | ||
| 650 | _aCana de acucar | ||
| 650 | _aInundacao | ||
| 650 | _aCultura irrigada | ||
| 650 | _aAgua do solo | ||
| 650 | _aSolo | ||
| 650 | _aRaiz | ||
| 650 | _aControle fisico | ||
| 773 | 0 |
_tBrasil Acucareiro (Brazil) _xISSN 0006-9167 _g(Feb 1981), v. 97(2) p. 57-62 _wBR8103667 |
|
| 909 |
_a202311 _bLúcia _c55 _dLúcia Elande |
||
| 942 |
_2AGRIS _n0 _cANA |
||
| 999 |
_c107301 _d107301 |
||